Một số đề xuất hoàn thiện quy định về tội rửa tiền trong Bộ luật hình sự Việt Nam /

שמור ב:
מידע ביבליוגרפי
מחבר ראשי: Lương Long Bình.
פורמט: Bài viết
שפה:Vietnamese
נושאים:
תגים: הוספת תג
אין תגיות, היה/י הראשונ/ה לתייג את הרשומה!
Thư viện lưu trữ: Thư viện Trường Đại học Đà Lạt
LEADER 00850nam a2200277 4500
001 DLU140164740
005 ##20141014
040 # # |a DLU  |b vie 
041 # # |a vie 
044 # # |a vn 
100 # # |a Lương Long Bình. 
245 # # |a Một số đề xuất hoàn thiện quy định về tội rửa tiền trong Bộ luật hình sự Việt Nam /  |c Lương Long Bình. 
653 # # |a Luật hình sự Việt Nam 
653 # # |a Luật quốc tế 
653 # # |a Rửa tiền 
653 # # |a Toàn cầu hóa 
773 # # |t Tòa án nhân dân   |g Số3(2), 2014, tr. 4-8 
920 # # |a Phòng Tạp chí -- Trung tâm Thông tin - Thư viện Trường Đại học Đà Lạt 
994 # # |a DLU 
900 # # |a True 
911 # # |a Nguyễn Thị Mai Anh 
925 # # |a G 
926 # # |a A 
927 # # |a BB 
980 # # |a Thư viện Trường Đại học Đà Lạt